LIBRARY & INFORMATION CENTRE, KCAET, TAVANUR

ONLINE PUBLIC ACCESS CATALOGUE (OPAC)

11th International Congress of Essential Oils,Fragrances and Flavours 12-16 November 1989 New Delhi India: Bio-Science: Proceedings vol-3 / (Record no. 10688)

MARC details
000 -LEADER
fixed length control field 00505cam a2200145ua 4500
020 ## - INTERNATIONAL STANDARD BOOK NUMBER
ISBN 81 204 0456 4
082 ## - DEWEY DECIMAL CLASSIFICATION NUMBER
Classification number 668.5
Item number BHA/TH
100 ## - MAIN ENTRY--AUTHOR NAME
Personal name Bhattacharya, S C.
245 ## - TITLE STATEMENT
Title 11th International Congress of Essential Oils,Fragrances and Flavours 12-16 November 1989 New Delhi India: Bio-Science: Proceedings vol-3 /
260 ## - PUBLICATION, DISTRIBUTION, ETC. (IMPRINT)
Place of publication New Delhi :
Name of publisher Oxford & IBH Publishing company ,
Year of publication 1989.
300 ## - PHYSICAL DESCRIPTION
Number of Pages 134 ; .
700 1# - ADDED ENTRY--PERSONAL NAME
Personal name Sen, N .
700 1# - ADDED ENTRY--PERSONAL NAME
Personal name Sethi, K L .
942 ## - ADDED ENTRY ELEMENTS (KOHA)
Koha item type Books
Holdings
Withdrawn status Lost status Damaged status Collection code Home library Current library Shelving location Date acquired Full call number Accession Number Koha item type
      Reference KAUAET KAUAET Reference 07/04/2012 668.5.BHA/TH 20012 Reference
free website counter